Guess The Eurovision Year #1 - Statistics

General Stats
  • This quiz has been taken 24 times
  • The average score is 8 of 10
Answer Stats
Year 1 2 3 4 5 % Correct
2013 Denemark Azerbaijan Ukraine Norway Russia
95%
2021 Italy France Switzerland Iceland Ukraine
85%
1987 Ireland Germany Italy Yugoslavia Denmark/Netherlands*
80%
2004 Ukraine Serbia and Montenegro Greece Turkey Cyprus
80%
1957 Netherlands France Denmark Luxembourg/Germany Italy
75%
1969 France/Netherlands/Spain/United Kingdom* Switzerland Monaco Belgium/Ireland* Germany/Sweden*
75%
1997 United Kingdom Ireland Turkey Italy Cyprus
70%
1999 Sweden Iceland Germany Croatia Israel
70%
1974 Sweden Italy Netherlands Luxembourg/Monaco/United Kingdom* Ireland/Israel*
65%
1960 France United Kingdom Monaco Norway/Germany Belgium
60%
No matching quizzes found
Score Distribution
Percent of People with Each Score
Percentile by Number Answered
Your Score History
You have not taken this quiz